| 000 | 00389nam a2200133Ia 4500 | ||
|---|---|---|---|
| 005 | 20260326100035.0 | ||
| 008 | 260326s9999||||xx |||||||||||||| ||und|| | ||
| 100 | _aCruz Arveas, Rafael | ||
| 245 | 0 |
_aEl Arte y la Técnica para Salvar el Arte / _cRafael Cruz Arveas |
|
| 260 | _bInstituto Nacional de Bellas Artes | ||
| 300 | _a93 p. | ||
| 650 | _aRESATURACIÓN Y CONSERVACIÓN | ||
| 942 | _cBK | ||
| 999 |
_c6755 _d6755 |
||